Datum a čas kvízu
12
Celkem bodů
Celkový počet nahraných bodů na tomto kvízu bez doplňovacích otázek.
15.
Pořadí na kvízu
Konečné umístění týmu na tomto kvízu.
Zaznamenané odpovědi
| # | Otázka | Odpověď | Body | Výsledky |
|---|---|---|---|---|
| 1. | Sociální demokraté si na svém... | Ondřej Veselý, Michal Šmarda, Jana Maláčová, Tomáš Petříček, Roman Onderka | 1 | |
| 2. | Jak se nazývá země, která v re... | Pákistán | 1 | |
| 3. | Jistá služba internetového úlo... | Ulož.to | 1 | |
| 4. | Irský oděvní řetězec, populárn... | Primark | 1 | |
| 5. | Jediným českým medailistou na... | vrhu koulí | 0 | |
| 6. | Praha, Plzeň, Pardubice, Příbr... | Prachatice | 0 | |
| 7. | Oganesson, xenon, radon, argon... | neon | 0 | |
| 8. | Babiš, Sobotka, Zeman, Topolán... | Josef Tošovský | 0 | |
| 9. | Bohdalová, Kubišová, Rettigová... | Milada Horáková | 0 | |
| 10. | Komedie omylů, Zkrocení zlé že... | Mnoho povyku pro nic | 0 |